000 01125 am a2200313 i 4500
001 190475
008 120702s2012 sp ||||| |||| 00| 0 spa d
017 _aV.1232-2012
020 _a978-84-9004-918-1
021 _axx
035 _a(OCoLC)798643164
040 _aES-MaBCM
_cES-MaBCM
080 _a341.225(98)
080 _a341.221(98)
100 _aCinelli, Claudia
_991296
245 _aEl Ártico ante el derecho del mar contemporáneo
_cClaudia Cinelli
260 _aValencia :
_bTirant lo Blanch,
_c2012
300 _a364 p.
_bmapas
_c22cm
490 0 _aTirant monografías. Etiqueta verde ;
_v790
500 _aÍndice de jurisprudencia internacional
500 _aIncluye anexos: I. La Declaración de Ilulissat - II. La Declaración Inuit sobre la soberanía Ártica - III. El Tratado relativo al Archipiélago Svalbard
500 _aEn la port. : Universidad de Sevilla
504 _aBibliografía: p. [341]-358
650 7 _aDerecho del mar
_958313
650 7 _aSoberanía nacional
_960291
650 7 _aCooperación internacional
_958138
651 _aÁrtico
_9115567
942 _2udc
_cBK
999 _c190475
_d190475